South Asian regionalism : (Record no. 103931)

MARC details
000 -LEADER
fixed length control field 00662nam a22002057a 4500
005 - DATE AND TIME OF LATEST TRANSACTION
control field 20161007115816.0
010 ## - LCCN (DPL NO)
LC control number ENG-116190
020 ## - INTERNATIONAL STANDARD BOOK NUMBER
International Standard Book Number 9788186038772
Terms of availability 965.00
020 ## - INTERNATIONAL STANDARD BOOK NUMBER
International Standard Book Number 8186038779
Terms of availability 965.00
035 ## - SYSTEM CONTROL NUMBER
System control number EN-99722
037 ## - SOURCE OF ACQUISITION
Source of stock number/acquisition DBAD/PUB
082 ## - DEWEY DECIMAL CLASSIFICATION NUMBER
Classification number 341.247
100 ## - MAIN ENTRY--PERSONAL NAME
Personal name Sharma,Suman
245 ## - TITLE STATEMENT
Title South Asian regionalism :
Statement of responsibility, etc by Suman Sharma
Remainder of title Past trends and present predicament (with focus on SAARC) /
260 ## - PUBLICATION, DISTRIBUTION, ETC. (IMPRINT)
Place of publication, distribution, etc Delhi
Name of publisher, distributor, etc Shree Kala Prakashan
Date of publication, distribution, etc 2014
270 ## - ADDRESS
Address 42/43,U.B. Jawahar Nagar
City Delhi
Postal code 110007
300 ## - PHYSICAL DESCRIPTION
Extent xi,250p.
Dimensions 21cm(Hb)
500 ## - GENERAL NOTE
General note Includes bibliographical references
942 ## - ADDED ENTRY ELEMENTS (KOHA)
Source of classification or shelving scheme Dewey Decimal Classification
Item type English Books
Classification part 341.247
Call number suffix SHA
Holdings
Withdrawn status Lost status Not for loan Collection code Home library Current library Date acquired Source of acquisition Cost, normal purchase price Full call number Barcode Copy number Cost, replacement price Koha item type
      Non-fiction Patel Nagar Patel Nagar 07/10/2016 DBAD/PUB 965.00 341.247 SHA EN-99722 1 965.00 English Books

© Delhi Public Library
Hit Counter
free hit counter